000
00319nam a22001337a 4500
008
210303b ||||| |||| 00| 0 eng d
020
_a
9780538482387
041
_a
eng
080
_2
10th
_a
336
100
_a
56
101
_a
FIN
245
_a
Investment Analysis & Portofolio Management
_c
Reilly,K.F
942
_2
udc
_c
BK
999
_c
55592
_d
55592